My Impressions Of Europe And Other Essays (Record no. 10027)

MARC details
000 -LEADER
fixed length control field 00424nam a2200145Ia 4500
008 - FIXED-LENGTH DATA ELEMENTS--GENERAL INFORMATION
fixed length control field 211109s9999||||xx |||||||||||||| ||und||
082 ## - DEWEY DECIMAL CLASSIFICATION NUMBER
Classification number 914
Item number HUS-M
100 ## - MAIN ENTRY--PERSONAL NAME
Personal name Husain, Mahadi
245 #0 - TITLE STATEMENT
Title My Impressions Of Europe And Other Essays
260 ## - PUBLICATION, DISTRIBUTION, ETC.
Name of publisher, distributor, etc. Un Known
Place of publication, distribution, etc. Delhi
Date of publication, distribution, etc. 1956
300 ## - PHYSICAL DESCRIPTION
Extent 198p.
630 ## - SUBJECT ADDED ENTRY--UNIFORM TITLE
General subdivision General Stack
650 ## - SUBJECT ADDED ENTRY--TOPICAL TERM
Topical term or geographic name entry element Geography of & travel in Europe
942 ## - ADDED ENTRY ELEMENTS (KOHA)
Koha item type BOOK
650 ## - SUBJECT ADDED ENTRY--TOPICAL TERM
Form subdivision Geography & travel
General subdivision History & Geography
Holdings
Withdrawn status Lost status Damaged status Not for loan Home library Current library Date acquired Cost, normal purchase price Total Checkouts Full call number Barcode Shelving location Date last seen Price effective from Koha item type
        SB LIBRARY SB LIBRARY 09/11/2021 100.00   914 HUS-M 00010569 GENERAL STACK 09/11/2021 09/11/2021 BOOK

Powered by Koha